000 00867nas a2200301 4500
001 BR0203662
003 BR-BrBNA
005 20231205103126.0
007 ta
008 230509b bl.|||p| |||| 00| 00por d
040 _aBR-BrBNA
_bpor
_cBiblioteca Nacional de Agricultura
041 _a(Pt)
072 _aH20
100 1 _aPria, M.D.
100 1 _aMartins, M.C.
100 1 _aReghin, M.Y.
100 1 _aMaia, G.L.
245 1 _aOcorrência de doença do pak choi no Estado do Paraná, Brasil
650 _aREPOLHO CHINÊS
650 _aHORTALIÇA
650 _aMANCHA DE ALTERNARIA
650 _aFERRUGEM BRANCA
650 _aPODRIDÃO MOLE
650 _aPARANÁ
773 0 _tFitopatologia Brasileira (Brazil)
_xISSN 0100-4158
_g(May-Jun 2002), v. 27(3) p. 316-318
_wBR0203662
909 _a202311
_bLúcia
_c55
_dLúcia Elande
942 _2AGRIS
_n0
_cANA
999 _c171217
_d171217